[Event "AUTO-OPEN-3657"]
[Site "http://www.queenalice.com/game.php?id=1424734"]
[Date "2016.5.25"]
[Round "1"]
[White "BOTAFOGONISSO"]
[Black "mc58"]
[Result "0-1"]
[WhiteElo "1624"]
[BlackElo "1996"]

1. e4 e5 2. Nf3 d6 3. Bc4 h6 4. h3 Nf6 5. d4 Nxe4 6. dxe5 Nc6 7. Bf4 Be7 8. exd6
Nxd6 9. Nbd2 O-O 10. O-O Na5 11. Ne5 b5 12. b4 Naxc4 13. Ndxc4 bxc4 14. Re1 Bb7
15. Qg4 g5 16. Rad1 Bc8 17. Qh5 gxf4 18. Nc6 Qe8 19. Nxe7+ Kh7 20. Ng8 Qxe1+ 21.
Rxe1 Rxg8 22. Re7 Bb7 23. g4 Rg5 24. Qh4 Bd5 25. Rxc7 Nf5 26. Qxg5 hxg5 27. gxf5
Kh6 28. Kh2 Re8 29. Rxa7 Re2 30. Kg1 Re1+ 31. Kh2 Rh1# 0-1

[Event "AUTO-INT-3142"]
[Site "http://www.queenalice.com/game.php?id=1424892"]
[Date "2016.5.26"]
[Round "1"]
[White "balu"]
[Black "mc58"]
[Result "1-0"]
[WhiteElo "1781"]
[BlackElo "1746"]

1. e4 e5 2. Nf3 d6 3. Bc4 h6 4. c3 Bd7 5. d4 Nc6 6. d5 Na5 7. b3 b5 8. Be2 c6 9.
b4 Nc4 10. Bxc4 bxc4 11. Na3 cxd5 12. Qxd5 Nf6 13. Qxc4 Rc8 14. Qd3 Be7 15. Bb2
O-O 16. Nc4 Bb5 17. Nfd2 Ng4 18. Qg3 1-0

[Event "AUTO-INT-3142"]
[Site "http://www.queenalice.com/game.php?id=1424893"]
[Date "2016.5.26"]
[Round "1"]
[White "mc58"]
[Black "balu"]
[Result "0-1"]
[WhiteElo "1731"]
[BlackElo "1796"]

1. e4 e5 2. Nf3 Nc6 3. Bb5 f6 4. Bxc6 bxc6 5. O-O Bc5 6. d3 d5 7. c3 dxe4 8.
dxe4 Qxd1 9. Rxd1 Ba6 10. b4 Bb6 11. a4 Ne7 12. a5 Bxf2+ 13. Kxf2 O-O 14. Rd7
Ng6 15. Be3 Rfc8 16. Bc5 Nf4 17. Na3 Nd3+ 0-1

[Event "AUTO-INT-3142"]
[Site "http://www.queenalice.com/game.php?id=1424906"]
[Date "2016.5.26"]
[Round "1"]
[White "mc58"]
[Black "Jaumins"]
[Result "0-1"]
[WhiteElo "1637"]
[BlackElo "1562"]

1. e4 e5 2. Nf3 d6 3. d3 f5 4. Nc3 Nf6 5. Be2 f4 6. g3 fxg3 7. hxg3 Ng4 8. Ng5
Nf6 9. Be3 h6 10. Qd2 Bg4 11. O-O-O Be7 12. Bxg4 Nxg4 13. Ne6 Qd7 14. Nxg7+ Kf7
15. Nf5 Nxe3 16. Qxe3 Bg5 17. Nxh6+ Kg6 18. f4 Bxh6 19. f5+ Kg7 20. f6+ Kg6 21.
Rxh6+ Rxh6 22. Qf3 Kf7 23. Nd5 c6 24. Qe3 Rg6 0-1

[Event "AUTO-INT-3142"]
[Site "http://www.queenalice.com/game.php?id=1424907"]
[Date "2016.5.26"]
[Round "1"]
[White "Jaumins"]
[Black "mc58"]
[Result "1-0"]
[WhiteElo "1581"]
[BlackElo "1618"]

1. d4 d5 2. e3 e6 3. c4 Nf6 4. Qa4+ Nc6 5. Nf3 Bd7 6. Qb3 Na5 7. Qc3 Ne4 8. Qxa5
b6 9. Qa6 Bd6 10. cxd5 exd5 11. Qd3 O-O 12. Be2 Qb8 13. Ne5 Bf5 14. Qb3 Qb7 15.
O-O a5 16. Nc3 Be6 17. f3 Ng5 18. Qb5 Bxe5 19. dxe5 f6 20. f4 c6 21. Qd3 Nf7 22.
exf6 1-0

[Event "AUTO-ADV-3654"]
[Site "http://www.queenalice.com/game.php?id=1427012"]
[Date "2016.6.10"]
[Round "1"]
[White "mc58"]
[Black "MarcosT"]
[Result "0-1"]
[WhiteElo "1803"]
[BlackElo "1939"]

1. e4 d6 2. d3 e5 3. Nf3 Nc6 4. Be2 h6 5. O-O Nf6 6. Nc3 Be7 7. h3 Be6 8. Be3
Qd7 9. d4 exd4 10. Bxd4 Nxd4 11. Nxd4 O-O-O 12. Ncb5 Nxe4 13. Nxa7+ Kb8 14. Bb5
c6 15. Bxc6 bxc6 16. Naxc6+ Kc7 17. Nxd8 Rxd8 18. Qe1 Bd5 19. Qa5+ Kc8 20. c4
Bb7 21. Rfc1 Nc5 22. b4 Nd3 0-1

[Event "AUTO-ADV-3654"]
[Site "http://www.queenalice.com/game.php?id=1427013"]
[Date "2016.6.10"]
[Round "1"]
[White "MarcosT"]
[Black "mc58"]
[Result "1-0"]
[WhiteElo "1928"]
[BlackElo "1815"]

1. e4 e5 2. Nf3 d6 3. d4 exd4 4. Nxd4 c5 5. Bb5+ Bd7 6. Bxd7+ Nxd7 7. Nf3 Ngf6
8. Nc3 Be7 9. Bg5 h6 10. Bh4 Ng4 11. Bxe7 Qxe7 12. Qd3 Nde5 13. Nxe5 Qxe5 14.
Qb5+ Ke7 15. Nd5+ Ke6 16. f3 Nxh2 17. O-O-O Qg5+ 18. f4 Qxg2 19. Nc7+ Kf6 20.
Nxa8 Rxa8 21. Qxb7 1-0

[Event "AUTO-ADV-3654"]
[Site "http://www.queenalice.com/game.php?id=1427014"]
[Date "2016.6.10"]
[Round "1"]
[White "mc58"]
[Black "Manoeljoaquim"]
[Result "0-1"]
[WhiteElo "1684"]
[BlackElo "1742"]

1. e4 e5 2. Nf3 Qe7 3. b3 d6 4. Bb2 Bg4 5. Be2 Nf6 6. d3 g6 7. h3 Be6 8. Ng5 Bg7
9. Nxe6 Qxe6 10. O-O Nc6 11. Nc3 a6 12. f4 exf4 13. Rxf4 O-O-O 14. Na4 Rhg8 0-1

[Event "AUTO-ADV-3654"]
[Site "http://www.queenalice.com/game.php?id=1427015"]
[Date "2016.6.10"]
[Round "1"]
[White "Manoeljoaquim"]
[Black "mc58"]
[Result "1-0"]
[WhiteElo "1737"]
[BlackElo "1703"]

1. e4 e5 2. Nf3 d6 3. Bc4 h6 4. Nc3 Nf6 5. d4 Be7 6. d5 a6 7. a3 b5 8. Be2 O-O
9. O-O c6 10. dxc6 Nxc6 11. Bd3 Bb7 12. Nd5 Nxd5 13. exd5 Na7 14. c4 f5 15. Bb1
1-0

[Event "AUTO-OPEN-3665"]
[Site "http://www.queenalice.com/game.php?id=1427135"]
[Date "2016.6.11"]
[Round "1"]
[White "roqqk"]
[Black "mc58"]
[Result "1-0"]
[WhiteElo "1742"]
[BlackElo "1718"]

1. e4 d5 2. e5 e6 3. d4 Ne7 4. Nf3 h6 5. Nc3 Nbc6 6. Bd3 Nf5 7. Bxf5 exf5 8. a3
g5 9. h3 Bg7 10. O-O f6 11. Re1 fxe5 12. dxe5 Be6 13. Nd4 O-O 14. Nxe6 Qe7 15.
Nxf8 Qxf8 16. Qxd5+ Kh7 17. e6 Rd8 18. Qf3 Ne5 19. Qxb7 Qc5 20. Nd5 Qa5 21. e7
Qxe1+ 22. Kh2 1-0

[Event "AUTO-OPEN-3665"]
[Site "http://www.queenalice.com/game.php?id=1427136"]
[Date "2016.6.11"]
[Round "1"]
[White "mc58"]
[Black "roqqk"]
[Result "0-1"]
[WhiteElo "1872"]
[BlackElo "1718"]

1. e4 e5 2. Nf3 Nc6 3. Bb5 Nf6 4. Bxc6 bxc6 5. d3 d5 6. O-O Bd6 7. Nc3 d4 8. Na4
h6 9. c3 g5 10. cxd4 g4 11. Nxe5 Bxe5 12. dxe5 Nd7 13. b3 Nxe5 14. Bb2 f6 15. d4
Ng6 16. e5 fxe5 17. dxe5 Qxd1 18. Raxd1 Ba6 19. Rfe1 Nf4 20. Rd2 Nd3 21. Re4 h5
22. e6 Rf8 0-1

[Event "AUTO-OPEN-3665"]
[Site "http://www.queenalice.com/game.php?id=1427155"]
[Date "2016.6.11"]
[Round "1"]
[White "mc58"]
[Black "miltonlovisk"]
[Result "0-1"]
[WhiteElo "1650"]
[BlackElo "1991"]

1. e4 e5 2. Nf3 Qf6 3. d3 h6 4. b3 a6 5. Bb2 Bc5 6. Bxe5 Qb6 7. d4 Bb4+ 8. c3
Bf8 9. Bc4 d6 10. Bg3 Bg4 11. h3 Bh5 12. Nbd2 Nd7 13. O-O c6 0-1

[Event "AUTO-OPEN-3665"]
[Site "http://www.queenalice.com/game.php?id=1427156"]
[Date "2016.6.11"]
[Round "1"]
[White "miltonlovisk"]
[Black "mc58"]
[Result "1-0"]
[WhiteElo "1994"]
[BlackElo "1688"]

1. e4 e5 2. Bc4 Nf6 3. f3 Bc5 4. Ne2 d5 5. exd5 Nxd5 6. d3 Ne3 7. Bxe3 Bxe3 8.
Ng3 O-O 9. Qe2 Bd4 10. c3 Re8 11. cxd4 exd4 12. Ne4 1-0

[Event "AUTO-MASTER-2476"]
[Site "http://www.queenalice.com/game.php?id=1427218"]
[Date "2016.6.11"]
[Round "1"]
[White "mc58"]
[Black "Strogonoff"]
[Result "0-1"]
[WhiteElo "1648"]
[BlackElo "1902"]

1. e4 e5 2. Nf3 Nc6 3. Bb5 d6 4. Bxc6+ bxc6 5. d3 Bg4 6. h3 Bxf3 7. Qxf3 Nf6 8.
O-O d5 9. b3 d4 10. c3 c5 11. c4 Be7 12. Na3 O-O 13. Bd2 h6 14. Ba5 Bd6 15. Nb5
Qc8 16. Bd2 a6 17. Nxd6 cxd6 18. Qg3 Nh5 19. Qh4 Nf6 20. f4 exf4 21. Bxf4 Qe6
22. Rf3 Nh7 23. Rg3 Kh8 24. Bd2 f5 25. Re1 Qf6 26. Qf4 g5 0-1

[Event "AUTO-MASTER-2476"]
[Site "http://www.queenalice.com/game.php?id=1427219"]
[Date "2016.6.11"]
[Round "1"]
[White "Strogonoff"]
[Black "mc58"]
[Result "1-0"]
[WhiteElo "1908"]
[BlackElo "1642"]

1. e4 e5 2. Nf3 Nc6 3. Bc4 h6 4. d4 d6 5. h3 Nf6 6. dxe5 Nxe4 7. Qd5 Be6 8. Qxe4
d5 9. Bxd5 Bxd5 10. Qe3 Be7 11. Nc3 O-O 12. O-O Nb4 13. Ne1 Bc6 14. a3 Nd5 15.
Qg3 Bh4 16. Qg4 Nxc3 17. bxc3 Kh7 18. Nf3 Be7 19. Nd4 Bd7 20. Qg3 c5 21. Nf3 Bb5
22. Re1 1-0